| Tag |
First Indicator |
Second Indicator |
Subfields |
| LEADER |
00000cam a2200000 i 4500 |
| 001 |
in00004089607 |
| 005 |
20211120103019.0 |
| 006 |
m o d f |
| 007 |
cr ||||||||||| |
| 008 |
190926s2019 vauab ob f000 0 eng c |
| 035 |
|
|
|a (OCoLC)on1121045254
|
| 042 |
|
|
|a pcc
|
| 043 |
|
|
|a n-us-hi
|
| 040 |
|
|
|a GPO
|b eng
|e rda
|e pn
|c GPO
|d MvI
|
| 049 |
|
|
|a WWW
|
| 074 |
|
|
|a 0624-H (online)
|
| 086 |
0 |
|
|a I 19.76:2019-1019
|
| 100 |
1 |
|
|a Field, Michael E.,
|e author.
|
| 245 |
1 |
4 |
|a The major coral reefs of Maui Nui, Hawai'i :
|b distribution, physical characteristics, oceanographic controls, and environmental threats /
|c by Michael E. Field [and four others].
|
| 264 |
|
1 |
|a Reston, Virginia :
|b U.S. Department of the Interior, U.S. Geological Survey,
|c 2019.
|
| 300 |
|
|
|a 1 online resource (vi, 71 pages) :
|b color illustrations, color maps.
|
| 336 |
|
|
|a text
|b txt
|2 rdacontent
|
| 337 |
|
|
|a computer
|b c
|2 rdamedia
|
| 338 |
|
|
|a online resource
|b cr
|2 rdacarrier
|
| 490 |
1 |
|
|a Open-file report / U.S. Geological Survey,
|x 2331-1258 ;
|v 2019-1019
|
| 504 |
|
|
|a Includes bibliographical references (pages 61-71).
|
| 588 |
|
|
|a Description based on online resource; title from PDF title screen (USGS, viewed on September 11, 2019).
|
| 650 |
|
0 |
|a Coral reefs and islands
|z Hawaii.
|
| 650 |
|
0 |
|a Coral reef conservation
|z Hawaii.
|
| 650 |
|
0 |
|a Coral declines
|z Hawaii.
|
| 710 |
2 |
|
|a Geological Survey (U.S.),
|e issuing body.
|
| 830 |
|
0 |
|a U.S. Geological Survey open-file report ;
|v 2019-1019.
|
| 856 |
4 |
0 |
|u https://purl.fdlp.gov/GPO/gpo125772
|t 0
|
| 999 |
f |
f |
|s 8d267880-effc-36aa-9cc5-7dcf4149a33a
|i cf7c7c19-3316-3534-b3e4-e84f5ec7df68
|t 0
|
| 952 |
f |
f |
|a Texas A&M University
|b College Station
|c Electronic Resources
|d Available Online
|t 0
|e I 19.76:2019-1019
|h Superintendent of Documents classification
|
| 998 |
f |
f |
|a I 19.76:2019-1019
|t 0
|l Available Online
|